| 000 | 00761nam a22002177a 4500 | ||
|---|---|---|---|
| 003 | 0 | ||
| 005 | 20160609170811.0 | ||
| 008 | 110824t xxu||||| |||| 00| 0 eng d | ||
| 020 | _a978-2-8028-0185-6 | ||
| 040 |
_aBUAC _bFre _cBUC |
||
| 041 | _aFre | ||
| 100 |
_aDillens, Anne-Marie _918487 |
||
| 245 |
_aMondialisation : _bUtopie, fatalité, alternatives _csous la dir. de Anne-Marie Dillens |
||
| 260 |
_aBruxelles : _bEd. de la Facultés Universitaires Saint-Louis _c2008 |
||
| 300 |
_a196p. _c24 cm. |
||
| 440 |
_a(Publications des Facultés Universitaires Saint-Louis. Philosophie _n 120) _918489 |
||
| 504 | _aComprend Bibliogr. p. 179 - 183 | ||
| 630 |
_aSCIENCES SOCIALES _918491 |
||
| 650 |
_aDéveloppement : mondialisation _918493 |
||
| 942 | _cLIVR | ||
| 999 |
_c49671 _d49671 |
||